MARC

LEADER 00000nam0a2200000 4500
001 348919
005 20231102010143.0
035 |a (RuTPU)RU\TPU\retro\791 
090 |a 348919 
100 |a 20180327d1974 km y0rusy50 ca 
101 0 |a rus 
102 |a RU 
105 |a a z 001zy 
200 1 |a Расчет раскрытия межстолбчатых швов массивно-контрфорсных плотин  |f Л. И. Абрамов, В. А. Казарновский, А. К. Шрейбер 
210 |a Москва  |c Энергия  |d 1974 
215 |a 95 с.  |c ил. 
225 1 |a Библиотека гидротехника и гидроэнергетика  |v Вып. 43 
320 |a Библиогр.: с. 92-94 
606 1 |a Плотины контрфорсные  |x Швы деформационные  |x Расчет  |2 stltpush  |3 (RuTPU)RU\TPU\subj\49390  |9 68191 
610 1 |a конструктивные особенности 
610 1 |a факторы 
610 1 |a строительство 
610 1 |a эксплуатация 
610 1 |a приборы 
610 1 |a бетон 
610 1 |a свойства 
610 1 |a лабораторные условия 
610 1 |a коэффициент 
610 1 |a измерительная аппаратура 
610 1 |a натурные измерения 
610 1 |a проектирование 
610 1 |a календарный план 
675 |a 627.826/.828  |v 4 
700 1 |a Абрамов  |b Л. И.  |g Лев Иванович 
701 1 |a Казарновский  |b В. А.  |g Валерий Александрович 
701 1 |a Шрейбер  |b А. К.  |g Андрей Константинович 
801 1 |a RU  |b 63413507  |c 20180327 
801 2 |a RU  |b 63413507  |c 20180328  |g RCR 
942 |c BK